[Event "Rottach Egern Seniors Cup 12th"]
[Site "Rottach Egern"]
[Date "2024.04.10"]
[Round "5"]
[White "Schneider, Alexander1"]
[Black "Ernst, Michael"]
[Result "1/2-1/2"]
[WhiteElo "2007"]
[BlackElo "2112"]
[PlyCount "45"]
[EventDate "2024.04.06"]
[EventType "swiss"]
[EventRounds "9"]
[EventCountry "GER"]
[SourceTitle "CB16_2024"]
[SourceDate "2024.04.17"]
[SourceVersion "1"]
[SourceVersionDate "2024.04.17"]
[SourceQuality "1"]

1. Nf3 d5 2. e3 c6 3. b3 Bf5 4. Bb2 e6 5. d4 Nd7 6. Bd3 Bg6 7. 0-0 Ngf6 8. c4 Be7 9. Nc3 Ne4 10. Qc2 Nxc3 11. Bxc3 Bxd3 12. Qxd3 0-0 13. c5 b6 14. b4 a5 15. a3 Qc7 16. cxb6 Nxb6 17. bxa5 Nc4 18. Bb4 Rfb8 19. Rfb1 Nxa5 20. Nd2 Rb5 21. Bxe7 Rxb1+ 22. Qxb1 Qxe7 23. Qb4 1/2-1/2

[Event "Rottach Egern Seniors Cup 12th"]
[Site "Rottach Egern"]
[Date "2024.04.06"]
[Round "1"]
[White "Ernst, Michael"]
[Black "Miller, Klaus"]
[Result "0-1"]
[WhiteElo "2112"]
[BlackElo "1870"]
[PlyCount "78"]
[EventDate "2024.04.06"]
[EventType "swiss"]
[EventRounds "9"]
[EventCountry "GER"]
[SourceTitle "CB16_2024"]
[SourceDate "2024.04.17"]
[SourceVersion "1"]
[SourceVersionDate "2024.04.17"]
[SourceQuality "1"]

1. d4 Nf6 2. Bf4 d5 3. e3 c5 4. c3 Nc6 5. Nd2 cxd4 6. exd4 Bg4 7. Ngf3 e6 8. Qb3 Qd7 9. Ne5 Qc8 10. Bb5 Be7 11. Qa4 0-0 12. Nxc6 bxc6 13. Bxc6 Nh5 14. Be5 f6 15. h3 fxe5 16. hxg4 Nf4 17. Bxa8 Qxa8 18. Kf1 Nd3 19. f3 e4 20. Qd7 Bg5 21. Qxe6+ Kh8 22. Qg6 Bh6 23. Rxh6 gxh6 24. Qxh6 Qb8 25. Kg1 Rf7 26. Rf1 Qg3 27. c4 Nf4 28. Qh2 Ne2+ 29. Kh1 e3 30. Nb1 Rf6 31. Qh5 Kg7 32. g5 Rg6 33. Nc3 Rxg5 34. Qxg5+ Qxg5 35. Nxe2 dxc4 36. Kg1 Qa5 37. Nc3 Qb6 38. Rb1 Qxd4 39. Re1 e2+ 0-1

[Event "Bad Woerishofen Seniors op 39th"]
[Site "Bad Woerishofen"]
[Date "2024.03.11"]
[Round "4"]
[White "Kutschenko, Roland"]
[Black "Ernst, Michael"]
[Result "1/2-1/2"]
[WhiteElo "2024"]
[BlackElo "2100"]
[PlyCount "34"]
[EventDate "2024.03.08"]
[EventType "swiss"]
[EventRounds "9"]
[EventCountry "GER"]
[SourceTitle "CB13_2024"]
[SourceDate "2024.03.27"]
[SourceVersion "1"]
[SourceVersionDate "2024.03.27"]
[SourceQuality "1"]

1. e4 e6 2. d4 d5 3. Nc3 dxe4 4. Nxe4 Nd7 5. Nf3 Ngf6 6. Nxf6+ Nxf6 7. Bd3 c5 8. dxc5 Bxc5 9. 0-0 0-0 10. Bg5 b6 11. Qe2 Bb7 12. Rad1 Qc7 13. Bxf6 gxf6 14. Be4 Rfd8 15. h4 Bf8 16. Rfe1 Bg7 17. c3 Rac8 1/2-1/2

[Event "AUT-chT2O 2021"]
[Site "Austria"]
[Date "2020.10.18"]
[Round "2.4"]
[White "Polsterer, Heinz"]
[Black "Ernst, Michael"]
[Result "1/2-1/2"]
[WhiteElo "2007"]
[BlackElo "2131"]
[PlyCount "56"]
[EventDate "2020.10.17"]
[EventType "team-tourn"]
[EventRounds "11"]
[EventCountry "AUT"]
[SourceTitle "CBM 199 Extra"]
[Source "ChessBase"]
[SourceDate "2021.01.31"]
[SourceVersion "1"]
[SourceVersionDate "2021.01.31"]
[SourceQuality "1"]
[WhiteTeam "Krems Voest"]
[BlackTeam "Poechlarn"]
[WhiteTeamCountry "AUT"]
[BlackTeamCountry "AUT"]

1. e4 e6 2. d3 d5 3. Nd2 Nf6 4. Ngf3 b6 5. e5 Nfd7 6. d4 c5 7. c3 Nc6 8. Bb5 Qc7 9. 0-0 g6 10. Re1 Bg7 11. Nf1 0-0 12. Bg5 a6 13. Bxc6 Qxc6 14. Qd2 f6 15. Bh6 fxe5 16. Bxg7 Kxg7 17. Nxe5 Nxe5 18. Rxe5 Bd7 19. Ne3 Qd6 20. Re1 Rf7 21. Ng4 Raf8 22. f3 Rf4 23. R5e3 Bc8 24. Ne5 a5 25. Nd3 R4f6 26. Ne5 Rf4 27. Nd3 R4f6 28. Ne5 Rf4 1/2-1/2

[Event "AUT-chT2O 2021"]
[Site "Austria"]
[Date "2020.10.17"]
[Round "1.4"]
[White "Ernst, Michael"]
[Black "Matt, Fabian"]
[Result "0-1"]
[WhiteElo "2131"]
[BlackElo "2305"]
[PlyCount "68"]
[EventDate "2020.10.17"]
[EventType "team-tourn"]
[EventRounds "11"]
[EventCountry "AUT"]
[SourceTitle "CBM 199 Extra"]
[Source "ChessBase"]
[SourceDate "2021.01.31"]
[SourceVersion "1"]
[SourceVersionDate "2021.01.31"]
[SourceQuality "1"]
[WhiteTeam "Poechlarn"]
[BlackTeam "Tschaturanga"]
[WhiteTeamCountry "AUT"]
[BlackTeamCountry "AUT"]

1. d4 Nf6 2. Bf4 g6 3. Nf3 Bg7 4. h3 0-0 5. e3 c5 6. c3 b6 7. Nbd2 Bb7 8. Be2 d6 9. 0-0 Nbd7 10. a4 Re8 11. a5 e5 12. Bh2 Qe7 13. Nc4 Ne4 14. axb6 axb6 15. Na3 Ra5 16. dxe5 dxe5 17. Bb5 Rd8 18. Qb3 Ng5 19. Nd2 Nf6 20. Nac4 Rxa1 21. Rxa1 Qe6 22. Qc2 Bxg2 23. Kxg2 Qxh3+ 24. Kg1 Ng4 25. Bg3 Nxe3 26. fxe3 Qxg3+ 27. Kh1 Qh3+ 28. Kg1 Qg4+ 29. Kh1 Qh4+ 30. Kg2 Qh3+ 31. Kg1 e4 32. Bc6 Be5 33. Nxe5 Qxe3+ 34. Kh1 Rxd2 0-1

[Event "Wch Seniors 50 29th"]
[Site "Bucharest"]
[Date "2019.11.20"]
[Round "8"]
[White "Ernst, Michael"]
[Black "Lopez de Turiso, Jose Angel"]
[Result "1-0"]
[WhiteElo "2175"]
[BlackElo "1947"]
[PlyCount "73"]
[EventDate "2019.11.12"]
[EventType "swiss"]
[EventRounds "11"]
[EventCountry "ROU"]
[SourceTitle "CBM 193 Extra"]
[Source "ChessBase"]
[SourceDate "2020.01.31"]
[SourceVersion "1"]
[SourceVersionDate "2020.01.31"]
[SourceQuality "1"]

1. d4 Nf6 2. Bf4 e6 3. e3 d5 4. Nd2 c5 5. c3 Nc6 6. Ngf3 cxd4 7. exd4 Nh5 8. Be3 Bd6 9. Ne5 g6 10. Nd3 Ng7 11. g3 Rb8 12. a4 a6 13. Bg2 Qc7 14. Bf4 0-0 15. 0-0 Nf5 16. Re1 f6 17. Qe2 g5 18. Bxd6 Qxd6 19. a5 Kg7 20. b4 b6 21. axb6 Rxb6 22. Nb3 Rf7 23. f4 h6 24. Nbc5 Na7 25. Bh3 Nb5 26. Qd2 Ra7 27. Re2 Kf7 28. Rae1 Ng7 29. Rf2 Kg8 30. fxg5 f5 31. gxh6 Ne8 32. Bxf5 Nbc7 33. h7+ Kh8 34. Qg5 Ng7 35. Ne5 Nce8 36. Bg6 Qe7 37. Nf7+ 1-0

[Event "Helsingor Xtracon op"]
[Site "Helsingor"]
[Date "2019.07.27"]
[Round "9"]
[White "Ernst, Michael"]
[Black "Buttkus, Andree"]
[Result "1/2-1/2"]
[WhiteElo "2190"]
[BlackElo "2024"]
[PlyCount "99"]
[EventDate "2019.07.20"]
[EventType "swiss"]
[EventRounds "10"]
[EventCountry "DEN"]
[SourceTitle "CBM 191 Extra"]
[Source "ChessBase"]
[SourceDate "2019.09.30"]
[SourceVersion "1"]
[SourceVersionDate "2019.09.30"]
[SourceQuality "1"]

1. d4 Nf6 2. Bf4 d5 3. e3 c5 4. c3 Nc6 5. Nd2 e6 6. Ngf3 cxd4 7. exd4 Nh5 8. Bg3 Be7 9. Bd3 f5 10. Be5 Nxe5 11. Nxe5 g6 12. Bb5+ Kf8 13. Be2 Nf4 14. g3 Nxe2 15. Qxe2 Kg7 16. 0-0 Qc7 17. Rfe1 Bf6 18. Kg2 a5 19. a4 Ra6 20. Ra3 Rd6 21. Rb3 Rhd8 22. Nb1 Rb6 23. Rxb6 Qxb6 24. Na3 Qb3 25. Qb5 Qxb5 26. Nxb5 Bxe5 27. dxe5 Bd7 28. Nd4 Kf7 29. b3 Rc8 30. Re3 Rc5 31. Kf1 Rc8 32. Ke1 Be8 33. Kd2 Bd7 34. h3 h5 35. h4 Rc7 36. Ke2 Rc8 37. Kf3 Rb8 38. Ke2 Rc8 39. Kd2 Rg8 40. Re1 Rc8 41. Rg1 Rh8 42. Kc1 Rc8 43. Kb2 Rg8 44. Ne2 Rc8 45. f3 Rh8 46. Ka3 Ra8 47. g4 hxg4 48. fxg4 Rh8 49. gxf5 exf5 50. Nf4 1/2-1/2

[Event "Helsingor Xtracon op"]
[Site "Helsingor"]
[Date "2019.07.26"]
[Round "8"]
[White "Meurman, Arne"]
[Black "Ernst, Michael"]
[Result "0-1"]
[WhiteElo "2014"]
[BlackElo "2190"]
[PlyCount "120"]
[EventDate "2019.07.20"]
[EventType "swiss"]
[EventRounds "10"]
[EventCountry "DEN"]
[SourceTitle "CBM 191 Extra"]
[Source "ChessBase"]
[SourceDate "2019.09.30"]
[SourceVersion "1"]
[SourceVersionDate "2019.09.30"]
[SourceQuality "1"]

1. e4 e6 2. d4 d5 3. Nc3 dxe4 4. Nxe4 Bd7 5. Nf3 Bc6 6. Ng3 Nd7 7. Bd3 Ngf6 8. 0-0 Bxf3 9. Qxf3 c6 10. c3 Be7 11. Re1 0-0 12. Nf1 Qa5 13. Bf4 Qh5 14. Nd2 Qxf3 15. Nxf3 Nd5 16. Bg3 Rfd8 17. Bc2 Rac8 18. Rad1 c5 19. Bb3 c4 20. Bc2 b5 21. Be4 N7f6 22. Bxd5 Nxd5 23. Nd2 b4 24. cxb4 Nxb4 25. Nf3 c3 26. bxc3 Rxc3 27. Re3 Nxa2 28. Ra1 Rc1+ 29. Re1 Rxe1+ 30. Nxe1 Nc3 31. Rxa7 Bf6 32. Bc7 Rc8 33. Rb7 Bxd4 34. Rb8 Rxb8 35. Bxb8 e5 36. Kf1 f6 37. Nc2 Bc5 38. Bc7 Kf7 39. Ba5 Nd5 40. h4 g6 41. g3 Ke6 42. Ke2 Kf5 43. f3 e4 44. Bd2 h5 45. Ne1 e3 46. Bc1 Bd6 47. Bxe3 Bxg3 48. Ng2 Nxe3 49. Kxe3 g5 50. hxg5 fxg5 51. Ke2 h4 52. Kf1 h3 53. Ne3+ Kf4 54. Nd5+ Kxf3 55. Kg1 Bf2+ 56. Kh1 g4 57. Nc3 g3 58. Ne2 g2+ 59. Kh2 Kxe2 60. Kxh3 Kf1 0-1

[Event "Helsingor Xtracon op"]
[Site "Helsingor"]
[Date "2019.07.22"]
[Round "4"]
[White "Magnussen, Pal"]
[Black "Ernst, Michael"]
[Result "0-1"]
[WhiteElo "1985"]
[BlackElo "2190"]
[PlyCount "100"]
[EventDate "2019.07.20"]
[EventType "swiss"]
[EventRounds "10"]
[EventCountry "DEN"]
[SourceTitle "CBM 191 Extra"]
[Source "ChessBase"]
[SourceDate "2019.09.30"]
[SourceVersion "1"]
[SourceVersionDate "2019.09.30"]
[SourceQuality "1"]

1. e4 e6 2. d4 d5 3. exd5 exd5 4. c4 Nf6 5. Nc3 Be7 6. Nf3 0-0 7. cxd5 Nxd5 8. Bd3 Re8 9. 0-0 Be6 10. Re1 c6 11. Ne4 Nf6 12. Bd2 Nxe4 13. Bxe4 Nd7 14. Qc2 Nf8 15. Bc3 Bd5 16. Rad1 Bf6 17. Ne5 Ng6 18. f4 Bxe4 19. Rxe4 Qd5 20. Rde1 Nf8 21. Ng4 Rxe4 22. Nxf6+ gxf6 23. Rxe4 Ne6 24. Qe2 Kh8 25. Qf3 Rd8 26. h4 f5 27. Re5 Qxf3 28. gxf3 Rd5 29. Kf2 Kg7 30. Re1 Kf6 31. Kg3 h5 32. Re2 Ke7 33. Rd2 Kd7 34. b3 Kc7 35. Re2 Rd8 36. a4 Rd5 37. Re1 Kd7 38. Re5 Nc7 39. Kf2 f6 40. Re2 Rd6 41. Bb2 Re6 42. Bc1 Rxe2+ 43. Kxe2 Kd6 44. Kf2 Kd5 45. Ke3 Ne6 46. Bb2 b5 47. axb5 cxb5 48. Bc3 Nd8 49. Kd3 Nc6 50. Ke3 b4 0-1

[Event "Helsingor Xtracon op"]
[Site "Helsingor"]
[Date "2019.07.21"]
[Round "2"]
[White "Korobov, Anton"]
[Black "Ernst, Michael"]
[Result "1-0"]
[WhiteElo "2687"]
[BlackElo "2190"]
[PlyCount "53"]
[EventDate "2019.07.20"]
[EventType "swiss"]
[EventRounds "10"]
[EventCountry "DEN"]
[SourceTitle "CBM 191 Extra"]
[Source "ChessBase"]
[SourceDate "2019.09.30"]
[SourceVersion "1"]
[SourceVersionDate "2019.09.30"]
[SourceQuality "1"]

1. d4 d5 2. c4 e6 3. Nc3 Nf6 4. cxd5 Nxd5 5. e4 Nxc3 6. bxc3 c5 7. a3 Be7 8. Nf3 0-0 9. Bd3 Nc6 10. Bb2 Na5 11. 0-0 b6 12. Qe2 Bb7 13. Rad1 Qc7 14. h4 Rac8 15. h5 f6 16. d5 exd5 17. exd5 Bxd5 18. Bxh7+ Kxh7 19. Rxd5 Nc6 20. Qe4+ Kg8 21. h6 Rfe8 22. Qe6+ Kh8 23. hxg7+ Kxg7 24. c4 Nd4 25. Bxd4 cxd4 26. Rd7 Qc5 27. Re1 1-0

[Event "EU-ch Seniors 50 19th"]
[Site "Rhodes"]
[Date "2019.04.11"]
[Round "6"]
[White "Sielicki, Tomasz"]
[Black "Ernst, Michael"]
[Result "1/2-1/2"]
[WhiteElo "2031"]
[BlackElo "2184"]
[PlyCount "136"]
[EventDate "2019.04.06"]
[EventType "swiss"]
[EventRounds "9"]
[EventCountry "GRE"]
[SourceTitle "CBM 189 Extra"]
[Source "ChessBase"]
[SourceDate "2019.06.03"]
[SourceVersion "1"]
[SourceVersionDate "2019.06.03"]
[SourceQuality "1"]

1. d4 d5 2. c4 e6 3. Nc3 Nf6 4. Nf3 c5 5. cxd5 Nxd5 6. e4 Nxc3 7. bxc3 cxd4 8. cxd4 Bb4+ 9. Bd2 Bxd2+ 10. Qxd2 0-0 11. Bc4 Nd7 12. 0-0 b6 13. e5 Bb7 14. Qe3 Qe7 15. Rad1 Rac8 16. Bd3 Rfd8 17. Ng5 Nf8 18. f4 f5 19. exf6 Qxf6 20. f5 Qxd4 21. Qxd4 Rxd4 22. fxe6 Rg4 23. Nf3 Re8 24. h3 Rf4 25. Ng5 Rxf1+ 26. Rxf1 Bd5 27. Rf7 Nxe6 28. Rd7 Bxa2 29. Bxh7+ Kh8 30. Bg6 Ra8 31. Nxe6 Bxe6 32. Re7 Bc4 33. Be4 Rb8 34. Rxa7 b5 35. Kf2 b4 36. Ke3 b3 37. Kd2 b2 38. Bb1 Bf1 39. Kc3 Bxg2 40. Ra2 Bxh3 41. Rxb2 Rc8+ 42. Kd4 Be6 43. Ke5 Bf7 44. Rb7 Kg8 45. Bf5 Rc5+ 46. Kf4 g6 47. Bb1 Ra5 48. Bc2 Rc5 49. Bb3 Bxb3 50. Rxb3 Kg7 51. Rb4 Kh6 52. Kg4 Rg5+ 53. Kh4 Rg1 54. Rb6 Ra1 55. Rb4 g5+ 56. Kg4 Rg1+ 57. Kh3 Kh5 58. Kh2 Ra1 59. Kg3 Ra3+ 60. Kg2 Rc3 61. Ra4 Rb3 62. Rc4 g4 63. Rc8 Rb5 64. Rh8+ Kg5 65. Rg8+ Kf4 66. Rf8+ Rf5 67. Rxf5+ Kxf5 68. Kg3 Ke5 1/2-1/2

[Event "EU-ch Seniors 50 19th"]
[Site "Rhodes"]
[Date "2019.04.07"]
[Round "2"]
[White "Danielsen, Henrik"]
[Black "Ernst, Michael"]
[Result "1-0"]
[WhiteElo "2499"]
[BlackElo "2184"]
[PlyCount "55"]
[EventDate "2019.04.06"]
[EventType "swiss"]
[EventRounds "9"]
[EventCountry "GRE"]
[SourceTitle "CBM 189 Extra"]
[Source "ChessBase"]
[SourceDate "2019.06.03"]
[SourceVersion "1"]
[SourceVersionDate "2019.06.03"]
[SourceQuality "1"]

1. Nf3 d5 2. d3 Bf5 3. Nbd2 e6 4. e4 dxe4 5. dxe4 Bg4 6. h3 Bxf3 7. Qxf3 c6 8. Be2 Nd7 9. 0-0 Ngf6 10. Qg3 Qb8 11. f4 Rg8 12. e5 Nd5 13. Ne4 Nc5 14. Ng5 Qc7 15. Nxh7 0-0-0 16. Nxf8 Rdxf8 17. c4 Ne7 18. Qa3 b6 19. Be3 Ne4 20. Bf3 Ng3 21. Rfd1 Nef5 22. Rd6 Nxd6 23. exd6 Qb7 24. b4 Kd7 25. b5 Rc8 26. Rd1 Nf5 27. bxc6+ Rxc6 28. Bxc6+ 1-0

[Event "Wch Seniors 50 28th"]
[Site "Bled"]
[Date "2018.11.26"]
[Round "8"]
[White "Ernst, Michael"]
[Black "Cetinkaya, Vedat Ali"]
[Result "1/2-1/2"]
[WhiteElo "2197"]
[BlackElo "2056"]
[PlyCount "93"]
[EventDate "2018.11.18"]
[EventType "swiss"]
[EventRounds "11"]
[EventCountry "SLO"]
[SourceTitle "CBM 187 Extra"]
[Source "ChessBase"]
[SourceDate "2018.11.04"]
[SourceVersion "1"]
[SourceVersionDate "2018.11.04"]
[SourceQuality "1"]

1. d4 Nf6 2. Bf4 g6 3. Nf3 Bg7 4. h3 0-0 5. e3 c5 6. c3 b6 7. Nbd2 Bb7 8. Be2 d6 9. 0-0 Nbd7 10. a4 Re8 11. a5 e5 12. Bh2 e4 13. Ne1 d5 14. axb6 axb6 15. b3 Qe7 16. Nc2 Nf8 17. Qc1 N6d7 18. Qb2 Ne6 19. Na3 f5 20. Nb5 Bc6 21. Rxa8 Rxa8 22. Ra1 Qd8 23. Na7 Bb7 24. Ra4 Bh6 25. Qa2 f4 26. Bg4 Ndf8 27. Nf1 cxd4 28. cxd4 Qc7 29. Qb2 Bc8 30. Nb5 Qc6 31. Qc3 Qxc3 32. Nxc3 Rxa4 33. Nxa4 Ba6 34. Nxb6 Bxf1 35. Kxf1 fxe3 36. Be5 exf2 37. Kxf2 Bg7 38. Nxd5 Nxd4 39. Bxg7 Kxg7 40. b4 Nf5 41. Be2 Nd7 42. g4 Nd6 43. Ke3 Kf7 44. Bd1 Ke6 45. Kd4 Nb5+ 46. Kxe4 Nd6+ 47. Kd4 1/2-1/2

[Event "Wch Seniors 50 28th"]
[Site "Bled"]
[Date "2018.11.25"]
[Round "7"]
[White "Soffer, Ram"]
[Black "Ernst, Michael"]
[Result "1-0"]
[WhiteElo "2472"]
[BlackElo "2197"]
[PlyCount "71"]
[EventDate "2018.11.18"]
[EventType "swiss"]
[EventRounds "11"]
[EventCountry "SLO"]
[SourceTitle "CBM 187 Extra"]
[Source "ChessBase"]
[SourceDate "2018.11.04"]
[SourceVersion "1"]
[SourceVersionDate "2018.11.04"]
[SourceQuality "1"]

1. c4 e6 2. Nf3 Nf6 3. g3 d5 4. Bg2 dxc4 5. 0-0 Nbd7 6. Qc2 a6 7. a4 Be7 8. Na3 0-0 9. Nxc4 Nd5 10. d4 c5 11. Rd1 Qc7 12. e4 Nb4 13. Qb3 cxd4 14. Bf4 Qc5 15. Rac1 d3 16. Ne1 Qa7 17. Nxd3 Nxd3 18. Qxd3 Nc5 19. Qa3 b5 20. axb5 axb5 21. Qxa7 Rxa7 22. Nd6 e5 23. Bxe5 Bg4 24. f3 Nd7 25. Bd4 Raa8 26. Nxb5 Be6 27. Nc7 Rad8 28. Nxe6 fxe6 29. Bc3 Nc5 30. Rxd8 Rxd8 31. Bb4 Rc8 32. Ba3 Kf7 33. Bf1 g5 34. b4 Ra8 35. bxc5 Rxa3 36. c6 1-0

[Event "Wch Seniors 50 28th"]
[Site "Bled"]
[Date "2018.11.23"]
[Round "6"]
[White "Ernst, Michael"]
[Black "Lochte, Thomas"]
[Result "1-0"]
[WhiteElo "2197"]
[BlackElo "2105"]
[PlyCount "81"]
[EventDate "2018.11.18"]
[EventType "swiss"]
[EventRounds "11"]
[EventCountry "SLO"]
[SourceTitle "CBM 187 Extra"]
[Source "ChessBase"]
[SourceDate "2018.11.04"]
[SourceVersion "1"]
[SourceVersionDate "2018.11.04"]
[SourceQuality "1"]

1. d4 Nf6 2. c4 e5 3. dxe5 Ng4 4. Bf4 Bb4+ 5. Nd2 Qe7 6. Ngf3 Nc6 7. a3 Ngxe5 8. Nxe5 Nxe5 9. e3 Bd6 10. Ne4 Nxc4 11. Nxd6+ Nxd6 12. Rc1 g5 13. Bg3 f5 14. Be2 Rf8 15. Rxc7 Ne4 16. Qc1 Kd8 17. Rc4 d6 18. Bf3 Be6 19. Rd4 d5 20. Qd1 Qd7 21. Bxe4 fxe4 22. h4 g4 23. 0-0 Rc8 24. Rb4 a5 25. Rb6 Rc6 26. Qd4 Ke8 27. b4 Rxb6 28. Qxb6 axb4 29. axb4 Kf7 30. Ra1 Qc6 31. Qd4 Qc4 32. Qe5 Qxb4 33. Rc1 Rd8 34. Qh5+ Ke7 35. Qxh7+ Ke8 36. Rc7 Bd7 37. Qg6+ Ke7 38. Qg5+ Ke8 39. Qxd5 Qe7 40. Bd6 Qh7 41. Qe5+ 1-0

[Event "Wch Seniors 50 28th"]
[Site "Bled"]
[Date "2018.11.20"]
[Round "3"]
[White "Davis, Lee"]
[Black "Ernst, Michael"]
[Result "0-1"]
[WhiteElo "1948"]
[BlackElo "2197"]
[PlyCount "106"]
[EventDate "2018.11.18"]
[EventType "swiss"]
[EventRounds "11"]
[EventCountry "SLO"]
[SourceTitle "CBM 187 Extra"]
[Source "ChessBase"]
[SourceDate "2018.11.04"]
[SourceVersion "1"]
[SourceVersionDate "2018.11.04"]
[SourceQuality "1"]

1. g3 d5 2. d4 Bf5 3. Bg2 e6 4. Nf3 h6 5. 0-0 Nf6 6. c4 c6 7. Nc3 Be7 8. Qb3 Qb6 9. c5 Qa6 10. Nd2 b6 11. e4 dxe4 12. cxb6 axb6 13. Ndxe4 Nd5 14. Be3 0-0 15. Rfe1 Nd7 16. Bf1 Qa5 17. Nxd5 Qxd5 18. Qxd5 exd5 19. Nc3 Bb4 20. Rec1 Rfc8 21. Bg2 b5 22. h4 Nb6 23. Nd1 Nc4 24. Bf1 Ra6 25. Bf4 Rca8 26. a4 Bd2 27. Rxc4 Bxf4 28. Rc5 Bd6 29. Rcc1 Bd7 30. b3 R6a7 31. Nb2 Be7 32. Rab1 Bf6 33. axb5 cxb5 34. Rc5 Ra1 35. Rcc1 Rxb1 36. Rxb1 Bxd4 37. Bg2 Ra2 38. Nd1 Be6 39. b4 Kf8 40. Bf1 Bd7 41. Bg2 Bf5 42. Rc1 Be4 43. Bf1 Ra4 44. Bxb5 Rxb4 45. Bf1 Rb3 46. Kh2 Bf3 47. Bg2 Bxd1 48. Rxd1 Bxf2 49. Bxd5 Bxg3+ 50. Kh3 Ra3 51. Kg4 g6 52. Bf3 Bf2 53. Rd5 Ra4+ 0-1

[Event "Niederoesterreich Landesliga 1819"]
[Site "Austria"]
[Date "2018.10.14"]
[Round "2.3"]
[White "Kleiser, Gregor"]
[Black "Ernst, Michael"]
[Result "0-1"]
[WhiteElo "2192"]
[BlackElo "2155"]
[PlyCount "108"]
[EventDate "2018.09.30"]
[EventType "team-tourn"]
[EventRounds "11"]
[EventCountry "AUT"]
[SourceTitle "CBM 189 Extra"]
[Source "ChessBase"]
[SourceDate "2019.06.03"]
[SourceVersion "1"]
[SourceVersionDate "2019.06.03"]
[SourceQuality "1"]
[WhiteTeam "Krems Voest"]
[BlackTeam "Poechlarn"]
[WhiteTeamCountry "AUT"]
[BlackTeamCountry "AUT"]

1. d4 d5 2. Nf3 Bf5 3. c4 e6 4. Qb3 Nc6 5. a3 Rb8 6. Nc3 dxc4 7. Qxc4 Nf6 8. Bg5 Be7 9. e3 0-0 10. Be2 h6 11. Bh4 Ne4 12. Bxe7 Qxe7 13. 0-0 Rfc8 14. Rac1 Nd8 15. Rfd1 c6 16. Qa4 b6 17. Nxe4 Bxe4 18. Nd2 Bg6 19. b4 c5 20. Qa6 Rc7 21. dxc5 bxc5 22. b5 Rb6 23. Qa5 Rd6 24. Nc4 Rxd1+ 25. Rxd1 Be4 26. b6 axb6 27. Qxb6 Bd5 28. Ne5 Nc6 29. Nxc6 Rxc6 30. Qb8+ Qf8 31. Qb5 Rc8 32. a4 Rb8 33. Qd3 Bb3 34. Ra1 c4 35. Qc3 Qb4 36. Qxb4 Rxb4 37. a5 Rb7 38. Kf1 c3 39. a6 Ra7 40. Ke1 Kf8 41. Ra3 c2 42. Ra1 Rd7 43. e4 Ke7 44. f4 Kd8 45. Rc1 Kc8 46. g3 Kb8 47. h4 f6 48. Ra1 Ka7 49. e5 fxe5 50. fxe5 Rd5 51. Rc1 Rxe5 52. Kd2 Rd5+ 53. Ke1 Rd1+ 54. Bxd1 cxd1Q+ 0-1

[Event "Wiesbaden op 30th"]
[Site "Wiesbaden"]
[Date "2018.08.25"]
[Round "4"]
[White "Rump, Andreas"]
[Black "Ernst, Michael"]
[Result "0-1"]
[WhiteElo "1936"]
[BlackElo "2145"]
[PlyCount "124"]
[EventDate "2018.08.23"]
[EventType "swiss"]
[EventRounds "7"]
[EventCountry "GER"]
[SourceTitle "CBM 186 Extra"]
[Source "ChessBase"]
[SourceDate "2018.08.24"]
[SourceVersion "1"]
[SourceVersionDate "2018.08.24"]
[SourceQuality "1"]

1. d4 d5 2. c4 e6 3. Nf3 Nf6 4. g3 dxc4 5. Qa4+ Nbd7 6. Qxc4 a6 7. Bg2 b5 8. Qc2 Bb7 9. 0-0 c5 10. e3 Rc8 11. Qe2 Qb6 12. b3 cxd4 13. Nxd4 Bxg2 14. Kxg2 g6 15. Bb2 Bg7 16. Nd2 0-0 17. Rfc1 e5 18. N4f3 e4 19. Ne1 Rfd8 20. Rxc8 Rxc8 21. Rc1 Rxc1 22. Bxc1 Ne8 23. Nxe4 f5 24. Ng5 Qc6+ 25. Qf3 Ne5 26. Qxc6 Nxc6 27. Nd3 Bf6 28. Ne6 Kf7 29. Nec5 Nc7 30. Bd2 a5 31. a4 bxa4 32. Nxa4 Nd5 33. h3 h5 34. Kf3 g5 35. Ke2 Ke7 36. Kd1 Kd6 37. Kc2 Ndb4+ 38. Bxb4+ axb4 39. Nb6 Bc3 40. Nc4+ Kd5 41. Kd1 Ne7 42. Ke2 Ng6 43. Ne1 Bf6 44. Kd3 h4 45. gxh4 Nxh4 46. f3 Bc3 47. e4+ Ke6 48. Nd2 Ke5 49. exf5 Kxf5 50. Ke2 Ng6 51. Nd3 Nf4+ 52. Nxf4 Kxf4 53. Ne4 Bd4 54. Kd3 Bg7 55. Kc4 Bf8 56. Kd5 Be7 57. Ke6 Kxf3 58. Kxe7 Kxe4 59. Kf6 Kf4 60. Kg6 g4 61. hxg4 Kxg4 62. Kf6 Kf4 0-1

[Event "WchT Seniors 50"]
[Site "Dresden"]
[Date "2018.07.11"]
[Round "5.7"]
[White "Jhunjhnuwala, Suresh"]
[Black "Ernst, Michael"]
[Result "1/2-1/2"]
[WhiteElo "1880"]
[BlackElo "2156"]
[PlyCount "80"]
[EventDate "2018.07.07"]
[EventType "team-swiss"]
[EventRounds "9"]
[EventCountry "GER"]
[SourceTitle "CBM 185 Extra"]
[Source "ChessBase"]
[SourceDate "2018.07.29"]
[SourceVersion "1"]
[SourceVersionDate "2018.07.29"]
[SourceQuality "1"]
[WhiteTeam "United States 4 Brothers"]
[BlackTeam "Austria"]
[WhiteTeamCountry "USA"]
[BlackTeamCountry "AUT"]

1. e4 e6 2. d4 d5 3. exd5 exd5 4. Bd3 Nc6 5. c3 Bd6 6. h3 Nge7 7. Nf3 Bf5 8. 0-0 Qd7 9. Bxf5 Qxf5 10. Re1 0-0 11. Nbd2 Rae8 12. Nf1 Nd8 13. Qa4 Ndc6 14. Qb3 b6 15. Qa4 Qd7 16. Bg5 f6 17. Bh4 Ne5 18. Qxd7 Nxd7 19. Bg3 Nf5 20. Bxd6 Nxd6 21. Ne3 c6 22. Re2 Re6 23. Rae1 Rfe8 24. Kf1 Kf7 25. Nc2 a5 26. Rxe6 Rxe6 27. Rxe6 Kxe6 28. Ke2 g5 29. g4 Nc4 30. b3 Nd6 31. Nd2 Nf8 32. Ne1 Ng6 33. Nd3 Ne4 34. Nb1 f5 35. f3 Nf6 36. Nd2 h5 37. Nf2 Nf4+ 38. Ke3 Ng2+ 39. Ke2 Nf4+ 40. Ke3 Ng2+ 1/2-1/2